000 00583nam a22001697a 4500
005 20250717115949.0
008 250717b |||||||| |||| 00| 0 eng d
020 _a978-1-61205-545-9
050 _aHM 651 .S26 2014
100 _aSANTOS, BOAVENTUTA DE SOUSA
245 _aEPISTEMOLOGIES OF THE SOUTH: JUSTICE AGAINST EPISTEMICIDE
260 _aNEW YORK, NY
_bROUTLEDGE
_c2016
300 _aXI,240P.
500 _aINCLUDES BIBLIOGRAPHICAL REFERENCES AND INDEX
650 _a1. KNOWLEDGE, SOCIOLOGY 2. SOCIAL EPISTEMOLOGY 3. SOCIAL JUSTICE-DEVELOPING COUNTRIES
942 _2lcc
_cBK
999 _c215920
_d215920